World Cup 2014 shirts suppliers - Statistics

General Stats
  • This quiz has been taken 513 times
  • The average score is 27 of 32
Answer Stats
Hint Answer % Correct
Australia Nike
100%
Brazil Nike
100%
Croatia Nike
100%
England Nike
100%
France Nike
100%
Greece Nike
100%
Netherlands Nike
100%
Portugal Nike
100%
South Korea Nike
100%
USA Nike
100%
Argentina Adidas
99%
Bosnia Adidas
99%
Colombia Adidas
99%
Germany Adidas
99%
Japan Adidas
99%
Mexico Adidas
99%
Nigeria Adidas
99%
Russia Adidas
99%
Spain Adidas
99%
Algeria Puma
94%
Cameroon Puma
94%
Chile Puma
94%
Ghana Puma
94%
Italy Puma
94%
Ivory Coast Puma
94%
Switzerland Puma
94%
Uruguay Puma
94%
Honduras Joma
26%
Costa Rica Lotto
23%
Ecuador Marathon
16%
Iran Uhlsport
14%
Belgium Burrda
11%
No matching quizzes found
Score Distribution
Percent of People with Each Score
Percentile by Number Answered
Your Score History
You have not taken this quiz